LEADER 02216nam 2200577 450 001 9910464514303321 005 20200520144314.0 010 $a0-292-75402-7 035 $a(CKB)3710000000081482 035 $a(EBL)3443714 035 $a(SSID)ssj0001084604 035 $a(PQKBManifestationID)11667940 035 $a(PQKBTitleCode)TC0001084604 035 $a(PQKBWorkID)11047594 035 $a(PQKB)11232767 035 $a(MiAaPQ)EBC3443714 035 $a(OCoLC)867631076 035 $a(MdBmJHUP)muse34474 035 $a(Au-PeEL)EBL3443714 035 $a(CaPaEBR)ebr10823668 035 $a(EXLCZ)993710000000081482 100 $a20140118d2014 uy 0 101 0 $aeng 135 $aur|n|---||||| 181 $ctxt 182 $cc 183 $acr 200 10$aMexican Americans and the question of race /$fJulie A. Dowling 205 $aFirst edition. 210 1$aAustin, Texas :$cUniversity of Texas Press,$d2014. 210 4$dİ2014 215 $a1 online resource (173 p.) 300 $aDescription based upon print version of record. 311 $a0-292-75401-9 320 $aIncludes bibliographical references and index. 327 $aThe question of race -- "I'm white 'cause I'm an American, right?": the meanings of whiteness for Mexican Americans -- "We were never white": Mexican Americans identifying outside the bounds of whiteness -- "In Mexico I was . . .": translating racial identities across the border -- "That's what we call ourselves here": Mexican Americans and Mexican immigrants negotiating racial labeling in daily life -- Re-envisioning our understanding of Latino racial identity. 606 $aMexican Americans$xRace identity 606 $aMexican Americans$xSocial conditions 607 $aUnited States$xRace relations 608 $aElectronic books. 615 0$aMexican Americans$xRace identity. 615 0$aMexican Americans$xSocial conditions. 676 $a305.868/72073 700 $aDowling$b Julie A.$f1975-$0856860 801 0$bMiAaPQ 801 1$bMiAaPQ 801 2$bMiAaPQ 906 $aBOOK 912 $a9910464514303321 996 $aMexican Americans and the question of race$91913632 997 $aUNINA LEADER 02639oam 2200589zu 450 001 9911020143203321 005 20230617021516.0 010 $a1-280-56075-4 010 $a9786610560752 010 $a3-527-60203-8 035 $a(CKB)1000000000019344 035 $a(SSID)ssj0000291325 035 $a(PQKBManifestationID)11213763 035 $a(PQKBTitleCode)TC0000291325 035 $a(PQKBWorkID)10254033 035 $a(PQKB)11669904 035 $a(MiAaPQ)EBC4957878 035 $a(Au-PeEL)EBL4957878 035 $a(CaONFJC)MIL56075 035 $a(OCoLC)85819889 035 $a(EXLCZ)991000000000019344 100 $a20160829d2003 uy 101 0 $aeng 135 $aurcnu|||||||| 181 $ctxt 182 $cc 183 $acr 200 00$aChemistry of crop protection : progress and prospects in science and regulation 210 31$a[Place of publication not identified]$cWiley VCH$d2003 215 $a1 online resource (393 pages) 300 $aBibliographic Level Mode of Issuance: Monograph 311 $a3-527-30540-8 330 $aThe ever increasing demands for environmental and consumer protection are a continuous challenge for research, development and regulation of crop protection chemicals.; This book exclusively documents thirty invited lectures held at the 10th IUPAC International Congress on the Chemistry of Crop Protection in August 2002. These edited contributions take the form of reviews and presentations of original research results. They cover fundamental aspects of biology, chemistry, biochemistry and molecular biology of disease, weed and insect control agents, as well as economic issues, aspects in production, formulation and application, and recent regulatory developments in environmental and consumer protection.; Invaluable for industrial and academic research libraries in support of their R&D departments with the latest, exclusive information. 606 $aPlants, Protection of$vCongresses 606 $aPesticides$vCongresses 606 $aPlant Sciences$2HILCC 606 $aAgriculture$2HILCC 606 $aEarth & Environmental Sciences$2HILCC 615 0$aPlants, Protection of 615 0$aPesticides 615 7$aPlant Sciences 615 7$aAgriculture 615 7$aEarth & Environmental Sciences 676 $a632/.9 702 $aVoss$b G 702 $aRamos$b Gerardo 712 12$aIUPAC International Congress on the Chemistry of Crop Protection$d(10th :$f2002 :$eBasle, Switzerland) 801 0$bPQKB 906 $aBOOK 912 $a9911020143203321 996 $aChemistry of crop protection$9950520 997 $aUNINA LEADER 01241nam0 22002891i 450 001 UON00209126 005 20231205103327.392 010 $a88-7989-350-5 100 $a20030730d1997 |0itac50 ba 101 $aita 102 $aIT 105 $a|||| 1|||| 200 1 $aTrattato delle passioni$eedizione tematica dello Zibaldone di pensieri stabilita sugli Indici leopardiani$fGiacomo Leopardi$ga cura di F. Cacciapuoti$gprefazione di Antonio Prete 210 $aRoma$cDonzelli$dc1997. C$d220 p. ; 18 cm. 410 1$1001UON00172208$12001 $aBiblioteca$1210 $aRoma$cDonzelli$v24 620 $aIT$dRoma$3UONL000004 676 $a851$cPoesia italiana$v21 700 1$aLEOPARDI$bGiacomo$3UONV042554$0292683 702 1$aCACCIAPUOTI$bFabiana$3UONV125781 702 1$aPRETE$bAntonio$3UONV031123 712 $aDonzelli$3UONV265762$4650 801 $aIT$bSOL$c20260403$gRICA 899 $aSIBA - SISTEMA BIBLIOTECARIO DI ATENEO E ARCHIVIO STORICO$2UONSI 912 $aUON00209126 950 $aSIBA - SISTEMA BIBLIOTECARIO DI ATENEO E ARCHIVIO STORICO$dSI ITA V 598 $eSI LO 62780 5 598 996 $aTrattato delle passioni$9909341 997 $aUNIOR